| 000 | 01117cam a22003375i 4500 | ||
|---|---|---|---|
| 001 | 016462448 | ||
| 003 | EG-ScBUE | ||
| 005 | 20230104125128.0 | ||
| 006 | m||||fq||h 00| 0 | ||
| 008 | 130724s2014 cc a f 000 0 eng d | ||
| 020 | _a9789886824344 | ||
| 040 |
_aStDuBDS _beng _erda _cStDuBDS _dUkCU _dEG-ScBUE |
||
| 082 | 0 | 4 |
_a741.6 _222 _bLOG |
| 245 | 0 | 0 |
_aLogo talks II / _cchief editor Jiajia Xia. |
| 246 | 3 | _aLogo talks 2 | |
| 264 | 1 |
_aHong Kong : _bArtpower International Publishing, _c[2014] |
|
| 300 |
_a359 pages : _billustrations ; _c29 cm + _e1 DVD |
||
| 336 |
_2rdacontent _atext _btxt |
||
| 336 |
_2rdacontent _aspoken word _bspw |
||
| 337 |
_2rdamedia _aunmediated _bn |
||
| 337 |
_2rdamedia _avideo _bv |
||
| 338 |
_2rdacarrier _avolume _bnc |
||
| 338 |
_2rdacarrier _acomputer disc _bcd |
||
| 500 | _aAccompanying DVD-ROM contains : all the logo images in zip files. | ||
| 538 | _aSystem requirements for accompanying DVD-ROM: none given. | ||
| 650 | 7 |
_aLogos (Symbols) _2BUEsh |
|
| 653 |
_bCOMAME _cNovember2017 |
||
| 655 | _vReading book | ||
| 700 | 1 |
_aXia, Jiajia, _eeditor. |
|
| 942 |
_2ddc _cBB |
||
| 999 |
_c25670 _d25642 |
||